| 000 | 00699nas a2200253 4500 | ||
|---|---|---|---|
| 001 | BR9203228 | ||
| 003 | BR-BrBNA | ||
| 005 | 20231205092621.0 | ||
| 007 | ta | ||
| 008 | 230509b bl.|||p| |||| 00| 00por d | ||
| 040 |
_aBR-BrBNA _bpor _cBiblioteca Nacional de Agricultura |
||
| 041 | _a(Pt) | ||
| 072 | _aF03 | ||
| 100 | 1 | _aSantos, E. | |
| 245 | 1 | _aSementes; o primeiro passo para a fartura | |
| 650 | _aSEMENTE | ||
| 650 | _aTESTE DE SEMENTES | ||
| 650 | _aPODER GERMINATIVO | ||
| 650 | _aPUREZA | ||
| 650 | _aPRATICO | ||
| 773 | 0 |
_tManchete Rural (Brazil) _xISSN 0102-8901 _g(Feb 1989), v. 2(23) p. 13-14 _wBR9203228 |
|
| 909 |
_a202311 _bLúcia _c55 _dLúcia Elande |
||
| 942 |
_2AGRIS _n0 _cANA |
||
| 999 |
_c132908 _d132908 |
||